quiz alcool les plus fort au monde - Statistiques

Statistiques générales
  • Ce quiz a été pris 628 fois
  • Le résultat moyen est 7 sur 10
Statistiques - réponses
indice réponse en % % Correct
Absinthe 90
95%
Rhum Stroh 80
88%
Devils Spring Vodka 80
88%
Good Ol' Sailor Vodka 85
86%
Balkan 88
79%
Sunset 84
75%
Poteen 95
72%
Spirytus Rektyfikowany 96
69%
Bacardi 75,5
8%
Pincer Vodka 88,8
7%
Aucun quiz correspondant
Distribution des résultats
% des personnes avec chaque résultat
Percentile par nombre de réponses
Votre historique - résultats
Vous n’avez pas pris ce quiz